| 000 | 00521nam a2200169 i 4500 | ||
|---|---|---|---|
| 001 | 65915 | ||
| 003 | ES-MaACL | ||
| 005 | 20230906165514.0 | ||
| 007 | t| | ||
| 008 | 040123s1980 sp ||||1| spa d | ||
| 100 | 1 |
_aFuertes Suárez, José Luis. _952972 |
|
| 245 | 1 | 3 |
_aLa función pública ante la reforma administrativa y el estado autonómioco / _cJosé Luis Fuertes Suárez. |
| 250 | _a[1ª ed.]. | ||
| 260 |
_a[Madrid] : _bCívitas, _c[1980] |
||
| 300 |
_a160 p. ; _c18 cm. |
||
| 852 |
_aES-MaACL _jL-2395 _bR.103070 |
||
| 999 |
_c65915 _d65915 |
||